000 00633nam a2200121Ia 4500
008 220615s9999||||xx |||||||||||||| ||und||
100 _aJohn Mordeson||Etienne E. Kerre
245 0 _aFuzzy Mathematics
546 _aEnglish[eng]
650 _apattern classi.cation||fuzzy BCK/BCI algebras||neutrosophic fuzzy sets||fuzzy set theory||fuzzy decision making||lattice isomorphism||fuzzy linear systems||nilpotent fuzzy groups||credibility measure||intuitionistic fuzzy sets||possibilistic models||hypergraphs||fuzzy topological spaces||fuzzy semigroups||N-hyper sets
856 _uhttps://www.mdpi.com/books/pdfview/book/1028
942 _cEB
999 _c9023
_d9023